000 01438nam a2200361Ia 4500
001 ebr10659055
003 CaPaEBR
006 m u
007 cr cn|||||||||
008 090420s2009 nyua sb 001 0 eng d
010 _z 2009016556
020 _z1607413477
020 _z9781607413479
020 _z9781614700906
040 _aCaPaEBR
_cCaPaEBR
035 _a(OCoLC)757745369
050 1 4 _aRA651
_b.I54 2009eb
082 0 4 _a362.196/9
_223
245 0 0 _aInfectious disease modelling research progress
_h[electronic resource] /
_cJean Michel Tchuenche and Christinah Chiyaka, editors.
260 _aNew York :
_bNova Science Publishers,
_cc2009.
300 _ax, 272 p. :
_bill. (some col.).
490 1 _aPublic health in the 21st century series
504 _aIncludes bibliographical references and index.
533 _aElectronic reproduction.
_bPalo Alto, Calif. :
_cebrary,
_d2013.
_nAvailable via World Wide Web.
_nAccess may be limited to ebrary affiliated libraries.
650 0 _aCommunicable diseases
_xEpidemiology.
650 0 _aCommunicable diseases
_xResearch.
655 7 _aElectronic books.
_2local
700 1 _aTchuenche, Jean Michel.
700 1 _aChiyaka, Christinah.
710 2 _aebrary, Inc.
830 0 _aPublic health in the 21st century series.
856 4 0 _uhttp://site.ebrary.com/lib/rucke/Doc?id=10659055
_zAn electronic book accessible through the World Wide Web; click to view
999 _c64462
_d64462